000 02026cam a2200457 i 4500
001 ocn968777470
003 Co-BoUCM
005 20180307074843.0
008 170131s2018 paua b 001 0 eng d
010 _a 2017001880
016 7 _a101698778
_2DNLM
020 _a9780323447287 (3a.Ed.)
020 _z0323447287
029 1 _aNLM
_b101698778
029 0 _aNLM
_b101698778
029 1 _aAU@
_b000059526312
035 _a(OCoLC)968777470
040 _aCo-BoUCM
_bspa
_cSaul Niño
_dSaul Niño
041 0 _aeng
050 0 0 _aRJ51.R3
060 0 0 _a2017 G-963
060 1 0 _aWN 240
100 1 _aTekes-Brady, Aylin
_991133
245 1 0 _aPediatric imaging
_bcase review
_cAylin Tekes-Brady, Daniel P. Seeburg, Thierry A.G.M. Huisman
250 _aTercera edición
260 _aPhiladelphia
_bElsevier
_c2018
300 _aix, 299 páginas
_bilustraciones
490 0 _aCase review series
505 0 _aOpening round -- Fair game -- Challenge -- Non-interpretive skills scenarios -- Radiation scenarios -- Index of cases : alphabetical -- Index of cases : by classification -- Index of terms.
546 _aTexto en inglés
650 7 _aDiagnóstico por imágenes
_xMétodos
_913155
650 7 _aPediatría
_xMétodos
_921221
650 7 _aDiagnóstico por imágenes en pediatría
_vEstudio de casos
_913156
650 7 _aRadiografía en medicina
_vEstudio de casos
_923057
650 7 _aNiños
_xEnfermedades
_vEstudio de casos
_9127
650 7 _aNiños
_xDiagnóstico
_vEstudio de casos
_9127
700 1 _aSeeburg, Daniel P.
_991136
700 1 _aHuisman, Thierry A. G. M.,
_991137
856 _uhttp://ez.urosario.edu.co/login?url=http://crai-recursos.urosario.edu.co/valida/index2.php?correo=^u&url=https://expertconsult.inkling.com/read/tekes-pediatric-imaging-case-review-series-3e/case-1/chapterun01-reader-0&cadena=UGVkaWF0cmljIGltYWdpbmcgY2FzZSByZXZpZXd8d2ViaWJsaW90ZWNhQHVyb3NhcmlvLmVkdS5jb3x1cm9zYXJpbw==
_zMaterial complementario
942 _2NLM
_a15
_cLIBRO
_e3
_hWN 240
_mT266p
999 _c309086
_d309086